000 00756nam a22002417a 4500
003 UA-OsUOA
001 78763
007 ta
008 20111020b un ||||| |||| 00| 0 ukr d
100 _aКозьменко С.
700 _aБалацький Є.
700 _aБагмет К.
090 _a330(477)
_bК59
942 _cSA
040 _aUA-OsUOA
_bukr
_cUA-OsUOA
_dUA-OsUOA
245 _aОцінка впливу змін бюджетного законодавства на формування доходної частини бюджету міста
300 _aС.4-8
955 _a0
041 _aukr
080 _a330(477)
773 0 _w78762
_tЕкономіст
_dК.
_d2011
_g9
650 7 _a330 Економіка взагалі
_2UDC
999 _c365078
_d365078